| 000 | 09350cam a22020894i 4500 | ||
|---|---|---|---|
| 003 | PE-LiUPU | ||
| 005 | 20250813165640.0 | ||
| 008 | 150625s2003 sp a rb 000 0 spa d | ||
| 020 | _a8448604830 | ||
| 020 | _a9788448604837 | ||
| 035 | _a(Sirsi) i9788448604837 | ||
| 040 |
_aPE-LiUPU _bspa _cPE-LiUPU _dPE-LiUPU _erda |
||
| 049 | _aPRUA | ||
| 082 | 0 | 4 |
_a610.731 _bC26 2003 _221 |
| 100 | 1 |
_aCarpenito, Lynda Juall, _eautor. |
|
| 245 | 1 | 0 |
_aDiagnósticos de enfermería con aplicaciones a la práctica clínica / _cLynda Juall Carpenito-Moyet ; Mª José Moreno Echanove, Marcos Peraza Sánchez, Trad. |
| 250 | _a9a edición. | ||
| 264 | 1 |
_aMadrid : _bMcGraw Hill, _c2003. |
|
| 300 |
_a935 páginas : _bilustraciones ; _c27 centímetros |
||
| 336 |
_atext _2rdacontent |
||
| 337 |
_aunmediated _2rdamedia |
||
| 338 |
_avolume _2rdacarrier |
||
| 504 | _aBibliografía al final de cada capítulo. | ||
| 505 | 0 | _aDiagnóstico de enfermería en el proceso de enfermería -- Creación del diagnóstico de enfermería -- Tipos y componentes de los diagnósticos de enfermería -- Modelo bifocal de práctica clínica -- Diagnóstico de enfermería: valoración y diagnóstico -- diagnóstico de enfermería y plan de cuidados -- Diagnóstico de enfemería: problemas y controversias -- Manual de diagnóstico de enfermería -- Manual de problemas interdisciplinares -- Agrupaciones diagnósticas -- Enfermedades médicas -- Trastorno cardiovascular, hematológico, vasculares periféricos -- Procedimientos quirúrgicos -- Enfermedades obstétricas y ginecológicas -- Enfermedades neonatales -- Trastornos pediátricos y de los adolescentes -- Trastornos de salud mental -- Procedimientos diagnósticos y terapéuticos. | |
| 526 | _aP203 | ||
| 526 | _aP200 | ||
| 526 | _aSEG65 | ||
| 526 | _aSEG64 | ||
| 526 | _aSEG63 | ||
| 526 | _aSEG62 | ||
| 526 | _aSEG61 | ||
| 526 | _aSEG60 | ||
| 526 | _aSEG59 | ||
| 526 | _aSEG58 | ||
| 526 | _aSEG57 | ||
| 526 | _aSEG56 | ||
| 526 | _aSEG55 | ||
| 526 | _aSEG54 | ||
| 526 | _aSEG53 | ||
| 526 | _aSEG52 | ||
| 526 | _aSEG51 | ||
| 526 | _aSEG50 | ||
| 526 | _aSEG49 | ||
| 526 | _aSEG48 | ||
| 526 | _aSEG47 | ||
| 526 | _aSEG46 | ||
| 526 | _aSEG24 | ||
| 526 | _aSEG23 | ||
| 526 | _aSEG22 | ||
| 526 | _aSEG21 | ||
| 526 | _aSEG20 | ||
| 526 | _aSEG19 | ||
| 526 | _aSEG18 | ||
| 526 | _aSEG17 | ||
| 526 | _aSEG16 | ||
| 526 | _aSEG14 | ||
| 526 | _aSEG13 | ||
| 526 | _aSEG12 | ||
| 526 | _aSEG11 | ||
| 526 | _aSEG10 | ||
| 526 | _aSEG09 | ||
| 526 | _aSEG06 | ||
| 526 | _aSEG05 | ||
| 526 | _aSEG04 | ||
| 526 | _aSEG03 | ||
| 526 | _aSEG02 | ||
| 526 | _aSEG68 | ||
| 526 | _aSEG66 | ||
| 526 | _aSEG45 | ||
| 526 | _aSEG25 | ||
| 526 | _aSEG01 | ||
| 526 | _aP163 | ||
| 526 | _aP162 | ||
| 526 | _aP161 | ||
| 526 | _aP160 | ||
| 526 | _aP159 | ||
| 526 | _aP158 | ||
| 526 | _aP157 | ||
| 526 | _aP156 | ||
| 526 | _aP155 | ||
| 526 | _aP154 | ||
| 526 | _aP153 | ||
| 526 | _aP152 | ||
| 526 | _aP151 | ||
| 526 | _aP150 | ||
| 526 | _aP149 | ||
| 526 | _aP142 | ||
| 526 | _aP141 | ||
| 526 | _aP140 | ||
| 526 | _aP139 | ||
| 526 | _aP138 | ||
| 526 | _aP137 | ||
| 526 | _aP132 | ||
| 526 | _aP131 | ||
| 526 | _aP130 | ||
| 526 | _aP126 | ||
| 526 | _aP125 | ||
| 526 | _aP124 | ||
| 526 | _aP123 | ||
| 526 | _aP115 | ||
| 526 | _aP122 | ||
| 526 | _aP121 | ||
| 526 | _aP116 | ||
| 526 | _a P114 | ||
| 526 | _aP112 | ||
| 526 | _aP111 | ||
| 526 | _aP104 | ||
| 526 | _aP103 | ||
| 526 | _aP102 | ||
| 526 | _aP101 | ||
| 526 | _aP100 | ||
| 526 | _aP96 | ||
| 526 | _aP95 | ||
| 526 | _aP93 | ||
| 526 | _aP92 | ||
| 526 | _aP91 | ||
| 526 | _aP88 | ||
| 526 | _aP83 | ||
| 526 | _aP82 | ||
| 526 | _aP79 | ||
| 526 | _aP78 | ||
| 526 | _aP75 | ||
| 526 | _aP74 | ||
| 526 | _aP71 | ||
| 526 | _aP69 | ||
| 526 | _a P51 | ||
| 526 | _aP49 | ||
| 526 | _aP48 | ||
| 526 | _aP47 | ||
| 526 | _aP33 | ||
| 526 | _aP31 | ||
| 526 | _a P30 | ||
| 526 | _aP29 | ||
| 526 | _aP27 | ||
| 526 | _aP26 | ||
| 526 | _aP25 | ||
| 526 | _aP24 | ||
| 526 | _a P22 | ||
| 526 | _aP10 | ||
| 526 | _aP09 | ||
| 526 | _a P08 | ||
| 526 | _aP06 | ||
| 526 | _aP05 | ||
| 526 | _aP04 | ||
| 526 | _aP01 | ||
| 541 | _g015-007435; | ||
| 541 | _g001-0002282; | ||
| 541 | _g015-0012110; | ||
| 650 | 0 | 4 | _aDiagnóstico de enfermería. |
| 942 |
_2ddc _cBOOK |
||
| 949 |
_a610.731 C26 2003 _wDEWEY _c1 _i56231 _d2015-9-6 _e2015-9-4 _f2017-2-16 _g1 _lCCODEBUL1 _mBUL _n2 _r0 _sY _tBOOK _u2015-6-25 _xSALUD _PP22 _0COMPRA _o.CIRCNOTE. No olvidar cambiar la fecha de devolución!!!!!!! _o.STAFF. Colección General |
||
| 949 |
_a610.731 C26 2003 _wDEWEY _c2 _i56232 _f2017-2-16 _g1 _lCCODEBUL1 _mBUL _r0 _sY _tBOOK _u2015-6-25 _xSALUD _PP22 _0COMPRA _o.CIRCNOTE. No olvidar cambiar la fecha de devolución!!!!!!! _o.STAFF. Colección General |
||
| 949 |
_a610.731 C26 2003 _wDEWEY _c3 _i56233 _f2017-2-16 _g1 _lCCODEBUL1 _mBUL _r0 _sY _tBOOK _u2015-6-25 _xSALUD _PP22 _0COMPRA _o.CIRCNOTE. No olvidar cambiar la fecha de devolución!!!!!!! _o.STAFF. Colección General |
||
| 949 |
_a610.731 C26 2003 _wDEWEY _c4 _i56253 _d2016-6-6 _e2016-6-2 _f2017-2-16 _g1 _lCCODEBUL1 _mBUL _n4 _p74.00 _r0 _sY _tBOOK _u2015-6-25 _xSALUD _PP22 _0COMPRA _o.CIRCNOTE. No olvidar cambiar la fecha de devolución!!!!!!! _o.STAFF. Colección Ciencias de la Salud |
||
| 949 |
_a610.731 C26 2003 _wDEWEY _c8 _i54186 _d2017-8-14 _e2017-8-13 _f2017-2-16 _g1 _lCCODEBUL1 _mBUL _n4 _r0 _sY _tBOOK _u2015-6-25 _xSALUD _PP22 _0COMPRA _o.CIRCNOTE. No olvidar cambiar la fecha de devolución!!!!!!! _o.STAFF. Colección Ciencias de la Salud |
||
| 949 |
_a610.731 C26 _wDEWEY _c6 _i62261 _d2017-8-22 _e2017-8-21 _f2017-2-16 _g1 _lCCODEBUL1 _mBUL _n22 _p68.00 _r0 _sY _tBOOK _u2015-6-25 _xSALUD _PP22 _0COMPRA _o.CIRCNOTE. No olvidar cambiar la fecha de devolución!!!!!!! _o.STAFF. Colección General |
||
| 949 |
_a614.253 C27 _wDEWEY _c1 _iFJ06416 _d2017-4-10 _e2017-4-10 _lCCODEBUJ1 _mBUJ _n1 _p60.00 _r0 _sY _tBOOK _u2015-9-16 _xSALUD _PP22 _0COMPRA _o.STAFF. Colección General Juliaca |
||
| 949 |
_a614.253 C27 _wDEWEY _c2 _i1002291 _lCCODEBUJ1 _mBUJ _p60.00 _r0 _sY _tBOOK _u2015-9-16 _xSALUD _PP22 _0COMPRA _o.STAFF. Colección General |
||
| 949 |
_aPGS 610.731 C26 2003 _wDEWEY _c7 _i53653 _d2016-3-31 _e2016-3-29 _f2017-2-16 _g1 _lCCODEBUL1 _mBUL _n4 _r0 _sY _tBOOK _u2015-6-25 _xSALUD _PP22 _0COMPRA _o.CIRCNOTE. No olvidar cambiar la fecha de devolución!!!!!!! _o.STAFF. Colección General |
||
| 949 |
_aPGS 610.731 C26 2003 _wDEWEY _c8 _i56809 _d2016-6-2 _e2016-5-25 _f2017-2-16 _g1 _lCCODEBUL1 _mBUL _n2 _q1 _r0 _sY _tBOOK _u2015-6-25 _xSALUD _PP82 _0COMPRA _o.CIRCNOTE. No olvidar cambiar la fecha de devolución!!!!!!! _o.STAFF. Colección General |
||
| 994 |
_aC0 _bPEPRU |
||
| 596 | _a1 3 | ||
| 999 |
_a610.731 C26 2003 _wDEWEY _c45495 _i56231 _d45495 _e2015-9-4 _f2018-2-9 _g2 _lLOST _mBUL _n2 _p74.00 _q1 _r0 _sY _tBOOK _u2015-6-25 _xSALUD _PP22 _0COMPRA _o.CIRCNOTE. No olvidar cambiar la fecha de devolución!!!!!!! _o.STAFF. Colección Ciencias de la Salud |
||
| 999 |
_a610.731 C26 2003 _wDEWEY _c2 _i56232 _d2017-10-13 _e2017-10-10 _f2021-12-13 _g2 _lREPAIR _mBUL _n1 _r1 _sY _tBOOK _u2015-6-25 _xSALUD _PP22 _0COMPRA _o.CIRCNOTE. No olvidar cambiar la fecha de devolución!!!!!!! _o.STAFF. Colección Ciencias de la Salud |
||
| 999 |
_a610.731 C26 2003 _wDEWEY _c3 _i56233 _f2017-2-16 _g1 _lLOST _mBUL _r1 _sY _tBOOK _u2015-6-25 _xSALUD _PP22 _0COMPRA _o.CIRCNOTE. No olvidar cambiar la fecha de devolución!!!!!!! _o.STAFF. Colección General |
||
| 999 |
_a610.731 C26 2003 _wDEWEY _c4 _i56253 _d2019-6-10 _e2017-10-10 _f2019-12-10 _g4 _lDISCARD _mBUL _n5 _p74.00 _q7 _r1 _sY _tBOOK _u2015-6-25 _xSALUD _PP22 _0COMPRA _o.CIRCNOTE. No olvidar cambiar la fecha de devolución!!!!!!! _o.STAFF. Colección Ciencias de la Salud |
||
| 999 |
_a610.731 C26 2003 _wDEWEY _c8 _i54186 _d2022-6-22 _e2022-6-22 _f2021-11-3 _g7 _lCCODEBUL1 _mBUL _n9 _p74.00 _q16 _r0 _sY _tBOOK _u2015-6-25 _xSALUD _PP22 _0COMPRA _o.CIRCNOTE. No olvidar cambiar la fecha de devolución!!!!!!! _o.STAFF. Colección Ciencias de la Salud |
||
| 999 |
_a610.731 C26 _wDEWEY _c6 _i62261 _d2019-4-16 _e2019-3-18 _f2019-12-10 _g4 _lDISCARD _mBUL _n23 _p68.00 _q5 _r1 _sY _tBOOK _u2015-6-25 _xSALUD _PP22 _0COMPRA _o.CIRCNOTE. No olvidar cambiar la fecha de devolución!!!!!!! _o.STAFF. Colección Ciencias de la Salud |
||
| 999 |
_aPGS 610.731 C26 2003 _wDEWEY _c7 _i53653 _d2019-11-6 _e2019-11-3 _f2021-11-3 _g5 _lCCODEBUL1 _mBUL _n8 _p70.00 _q4 _r0 _sY _tBOOK _u2015-6-25 _xSALUD _zP22 _0COMPRA _o.CIRCNOTE. No olvidar cambiar la fecha de devolución!!!!!!! _o.STAFF. Colección Ciencias de la Salud |
||
| 999 |
_aPGS 610.731 C26 2003 _wDEWEY _c8 _i56809 _d2018-3-11 _e2016-5-25 _f2019-12-10 _g4 _lDISCARD _mBUL _n2 _q2 _r1 _sY _tBOOK _u2015-6-25 _xSALUD _PP82 _0COMPRA _o.CIRCNOTE. No olvidar cambiar la fecha de devolución!!!!!!! _o.STAFF. Colección General |
||
| 999 |
_a614.253 C27 _wDEWEY _c1 _iFJ06416 _d2019-8-26 _e2018-11-8 _f2022-1-25 _g3 _lCCODEBUJ1 _mBUJ _n10 _p60.00 _q26 _r0 _sY _tBOOK _u2015-9-16 _xSALUD _PP22 _0COMPRA _o.STAFF. Colección General Juliaca |
||
| 980 |
_81 _gALBERTO SANCHEZ Responsable de Automatización |
||